In contact Inglés 4§ año de Educación media: guía didáctica para el profesor

保存先:
書誌詳細
主要な著者: Comyns Carr, Jane (著者), Albery, David (著者), Cheetham, Cindy (著者)
フォーマット: 図書
言語:英語
出版事項: Santiago Pearson 2007
版:1a. ed
主題:
タグ: タグ追加
タグなし, このレコードへの初めてのタグを付けませんか!

MARC

LEADER 00000nam a2200000 a 4500
001 UCI7793
003 CL-VaPUC
008 080725e20070000CL |||||||||||||||||eng|d
020 |a 9567983186 
082 0 4 |a 420.712  |b COM  |2 21 
100 0 |a Comyns Carr, Jane  |e author  |9 531082 
700 0 |a Albery, David  |e author  |9 531083 
700 0 |a Cheetham, Cindy  |e author  |9 531084 
245 1 0 |a In contact Inglés 4§ año de Educación media: guía didáctica para el profesor 
250 |a 1a. ed 
300 |a 151 p 
942 |c BK 
945 |d 20080725 00:00:00  |a rbrito 
260 |a Santiago  |b Pearson  |c 2007 
500 |a Incluye CD 
650 0 |a Enseñanza del inglés  |9 367340 
650 0 |a Enseñanza de idiomas  |9 339820 
650 0 |a Métodos de enseñanza  |9 270413 
650 0 |a Comprensión   |9 339377 
583 |a last modification  |c 20080725 00:00:00  |k Rodrigo Vera 
999 |c 330939  |d 330937 
952 |0 0  |1 0  |4 0  |6 420_712000000000000_COM_2007  |7 0  |8 A  |9 416894  |a BIBEDU  |b BIBEDU  |d 2019-11-22  |i 4466810  |o 420.712 COM 2007  |p 4466810  |r 2019-11-22  |w 2019-11-22  |y BK  |k LIT 
952 |0 0  |1 0  |4 0  |6 420_712000000000000_COM_2007  |7 0  |8 A  |9 416895  |a BIBEDU  |b BIBEDU  |d 2019-11-22  |i 4466829  |o 420.712 COM 2007  |p 4466829  |r 2019-11-22  |w 2019-11-22  |y BK  |k LIT